Rozpoznaj film po kadrze #16 - Statystyki

Ogólne statystyki
  • Ten quiz został rozwiązany 20 razy
  • Średni wynik to 7 z 20
Statystyki odpowiedzi
Obrazkowy Odpowiedź % Poprawnych
Harry Potter i Czara Ognia
95%
Batman - Początek
89%
Dzień świra
84%
Jak rozpętałem drugą wojnę światową
63%
Nienawistna ósemka
42%
Przełęcz ocalonych
42%
Wywiad z wampirem
42%
Chłopcy z ferajny
37%
Blues Brothers
32%
Śniadanie u Tiffany'ego
26%
Mandarynki
21%
Tato
21%
Zimna wojna
16%
Róża
11%
Siedem dusz
11%
Szkoła uczuć
11%
Dziecko Rosemary
5%
Miłość
5%
Dzikie historie
0%
The Maker
0%
Nie znaleziono quizów pasujących do podanych kryteriów
Rozkład punktacji
Procent ludzi z każdym wynikiem
Percentyl według liczby udzielonych odpowiedzi
Twoja historia wyników
Nie rozwiązałeś tego quizu